| 000 | 00683 a2200181 4500 | ||
|---|---|---|---|
| 999 |
_c26572 _d26572 |
||
| 008 | 230616b ||||| |||| 00| 0 eng d | ||
| 020 |
_a9789811511394 _cEuro 89.99 |
||
| 041 | 0 | _aeng | |
| 082 | 0 | 0 |
_a005.74 _bR5711 |
| 100 | _aRighi, Rodrigo da Rosa | ||
| 245 |
_aBlockchain Technology for Industry 4.0 : Secure, Decentralized, Distributed and Trusted Industry Environment / _cRodrigo da Rosa Righi, Antonio Marcos Alberti ; edited by Madhusudan Singh |
||
| 260 |
_aSingapore: _bSpringer Nature Pte Ltd., _c2020. |
||
| 300 |
_av, 164 p. : _bill. |
||
| 650 | 0 | _aBlockchain | |
| 700 |
_95465 _aAlberti, Antonio Marcos |
||
| 700 |
_95466 _aSingh, Madhusudan _eeditor |
||
| 942 |
_2ddc _cBK |
||